000 00321nam a2200133Ia 4500
005 20251222144853.0
008 251222s9999||||xx |||||||||||||| ||spa||
020 _a978-603-45073-8-8
082 _a345.85/C81
100 _aCirión, Aitziber Emaldi
245 0 _aTemas de Derecho Penal:
264 _bAdrus
942 _cLIB
999 _c21670
_d21670